লোডিং...

Educational administration

গ্রন্থ-পঞ্জীর বিবরন
প্রধান লেখক: Brookshank, Kenneth
বিন্যাস: Printed Book
ভাষা:English
প্রকাশিত: London, Longman
1989
সংস্করন:Ed.3
বিষয়গুলি:
LEADER 004820000a22001810004500
020 |a 058203339X 
041 |a eng 
082 |a 371.2 M9 
100 |a Brookshank, Kenneth  |9 106510 
245 |a Educational administration 
250 |a Ed.3 
260 |a London, Longman 
260 |a 1989 
465 |a P 19.95 
650 |a Educational administration  |9 123698 
942 |c BK 
999 |c 169104  |d 169100 
952 |0 0  |1 0  |4 0  |7 0  |9 167518  |a SPS  |b SPS  |d 2019-04-16  |l 0  |p SPS00788  |r 2019-04-16  |w 2019-04-16  |y BK